000 00607nam a2200229Ia 4500
003 OSt
005 20230328093428.0
008 210423s2007 xx 000 0 und d
020 _a275958124
040 _cAL
041 _aeng
082 _a338.5 COWF
100 _aCOWELL (Frank A)
_978568
245 _aMicroeconomics: principles and analysis
260 _aNew Delhi
_bOxford University Press
_c2007
300 _axxviii,637
_bPB
365 _b495
_cINR
650 _aEconomics
_978569
650 _aMicroeconomics
_978570
906 _aanalysis ; Microeconomics: ; principles
942 _2ddc
_cBK
999 _c156132
_d156132